Paragwaj czy Urugwaj? - Statystyki

Ogólne statystyki
  • Ten quiz został rozwiązany 1 688 razy
  • Średni wynik to 10 z 16
Statystyki odpowiedzi
Zagadnienie Odpowiedź % Poprawnych
Zdobył Puchar Świata FIFA Urugwaj
91%
Jest śródlądowy Paragwaj
89%
Ma większą powierzchnię Paragwaj
86%
Graniczy z Brazylią Oba
85%
Ma hiszpański jako język urzędowy Oba
84%
Jest bogatszy z tej dwójki Urugwaj
84%
Ma słońce na swojej fladze Urugwaj
80%
Jej stolica położona jest około 200 kilometrów od Buenos Aires Urugwaj
79%
To była kolonia hiszpańska Oba
73%
Jest właścicielem części tamy Itaipu, drugiej co do wielkości elektrowni wodnej na świecie Paragwaj
50%
Był pierwszym krajem, który w pełni zalegalizował marihuanę Urugwaj
49%
Miał okresy dyktatury, ale obecnie jest demokracją Oba
45%
Ponad 90% populacji to metysi (ludzie o mieszanym dziedzictwie europejskim i rodzimym) Paragwaj
43%
Pod względem eksportu najważniejszym sektorem gospodarki jest rolnictwo Oba
40%
Jego terytorium znajduje się w regionie znanym jako „Pampa” Urugwaj
33%
Ma maksymalną wysokość mniejszą niż 1000 metrów Oba
14%
Nie znaleziono quizów pasujących do podanych kryteriów
Rozkład punktacji
Procent ludzi z każdym wynikiem
Percentyl według liczby udzielonych odpowiedzi
Twoja historia wyników
Nie rozwiązałeś tego quizu